| 000 | 00823nam a2200253 a 4500 | ||
|---|---|---|---|
| 999 |
_c6851 _d6851 |
||
| 001 | 1023314 | ||
| 003 | OSt | ||
| 005 | 20210406141733.0 | ||
| 008 | 880330s1989 caua b 001 0 eng | ||
| 010 | _a 88081035 | ||
| 020 | _a0155469134 | ||
| 040 |
_aDLC _cDLC _dDLC |
||
| 082 | 0 | 0 |
_a150 _220 _bINV 1989 |
| 245 | 0 | 0 |
_aInvitation to psychology / _cJohn P. Houston ...[et al.]. |
| 250 | _a3rd ed. | ||
| 260 |
_aSan Diego, Calif. : _bHarcourt Brace Jovanovich, _c1989. |
||
| 300 |
_a1 v. (various pagings) : _bill. (some col.) ; _c26 cm. |
||
| 504 | _aIncludes bibliographical references and index. | ||
| 650 | 0 |
_aPsychology. _931 |
|
| 700 | 1 |
_aHouston, John P. _914041 |
|
| 906 |
_a7 _bcbc _corignew _d3 _eopcn _f19 _gy-gencatlg |
||
| 942 |
_2ddc _cO_SHELF |
||